000 00614cam a2200217 a 4500
001 1462431
005 20180302032618.0
008 861117s1987 mnua 000 0 eng c
010 _a 86028204
020 _a0314295208 (pbk.)
040 _aDNLM/DLC
_cDLC
_dDLC
041 _aeng
060 _aQU 39 H217b
080 _a612.3 HAM
082 0 0 _a612.3 HAM
_219
100 1 _a10
101 _aNUT
245 1 4 _aThe biochemistry of human nutrition :
_cEva May Nunnelley Hamilton, Sareen Annora Stepnick Gropper.
906 _a7
_bcbc
_corignew
_d1
_eocip
_f19
_gy-gencatlg
942 _2ddc
_cBK
999 _c43909
_d43909